000 01043cam a22003251 4500
001 30224
003 BD-RjUL
005 20211209051531.0
008 140409s1953 st a 001 0 eng d
035 _a(BD-RjUL) 30309
035 _a(OCoLC)1658494
040 _aDLC
_cNNCU-G
_dDLC
_dBD-RjUL
_beng
041 _aeng
051 _aK230.H334
_bA35 1953
082 0 0 _a170
_bHAI 1953
100 1 _aHägerström, Axel,
_d1868-1939.
_991875
245 1 0 _aInquiries into the nature of law and morals /
_c Axel Hägerström
260 _aUppsala :
_bAlmqvist & Wiksells boktr.
_c1953.
300 _a377 p.;
_c24 cm.
490 1 _aSkrifter utg. av K. Humanistiska vetenskapssamfundet i Uppsala,
_v40
500 _aTranslated by C. D. Broad.
504 _aIncludes Index
650 0 _aLaw
_xPhilosophy.
_991876
650 0 _aJurisprudence.
_991877
830 0 _v40.
_991887
830 0 _aSkrifter utgivna av K. Humanistiska vetenskapssamfundet i Uppsala ;
_991879
942 _2ddc
_cBK
999 _c30224
_d30224